Riconosci il Pokémon - Quiz n°806 - Statistics

Statistiche generali
  • Questo quiz è stato fatto 0 volte
  • Il punteggio medio è 0 su 10
Statistiche sulle risposte
Indizio Riposta % Corretto
Altezza 0,4 m
0%
Tasso di cattura 200 (36.6%)
0%
Sesso 25% ♂, 75% ♀
0%
Peso 5,8 kg
0%
Stadio evoluzione Forma Base
0%
Pokémon Gothita
0%
Abilità Indagine; Tenacia; Piedinombra
0%
Tasso di allevamento Medio-Lento
0%
Tipo Psico
0%
Generazione Quinta
0%
Nessun quiz corrispondente trovato
Distribuzione punteggi
Percentuale di utenti per punteggio
Percentile per numero di risposta
I tuoi punteggi nel tempo
Non hai fatto questo quiz